Reset your inner clock : (Record no. 601114)
[ view plain ]
| 000 -LEADER | |
|---|---|
| fixed length control field | 00275nam a2200109Ia 4500 |
| 008 - FIXED-LENGTH DATA ELEMENTS--GENERAL INFORMATION | |
| fixed length control field | 230907s9999||||xx |||||||||||||| ||und|| |
| 082 ## - DEWEY DECIMAL CLASSIFICATION NUMBER | |
| Classification number | 612.022 |
| Author Mark | TER |
| 100 ## - MAIN ENTRY--PERSONAL NAME | |
| Personal name | Terman, Michael. |
| 9 (RLIN) | 116120 |
| 245 #0 - TITLE STATEMENT | |
| Title | Reset your inner clock : |
| 300 ## - PHYSICAL DESCRIPTION | |
| Extent | xxxvi, 312 pages ; |
| 942 ## - ADDED ENTRY ELEMENTS (KOHA) | |
| Koha item type | Book |
| Withdrawn status | Lost status | Damaged status | Not for loan | Permanent Location | Current Location | Date acquired | Total Checkouts | Full call number | Barcode | Date last seen | Date last checked out | Price effective from | Koha item type |
|---|---|---|---|---|---|---|---|---|---|---|---|---|---|
| US-Pakistan Center for Advanced Studies in Energy (USPCAS-E) | US-Pakistan Center for Advanced Studies in Energy (USPCAS-E) | 11/20/2019 | 1 | 612.022 TER | CAS-E0005213 | 10/20/2025 | 08/26/2025 | 09/12/2023 | Book |
